Biblioteca y Centro de Documentación

El Magreb frente a los retos de la Agenda 2030 (Registro nro. 49284)

Detalles MARC
000 -CABECERA
Longitud fija campo de control 00986naa a2200253 c 4500
001 - NÚMERO DE CONTROL
Número de control 49284
003 - IDENTIFICADOR DE NÚMERO DE CONTROL
Identificador del número de control ES-MaCES
005 - FECHA Y HORA DE LA ÚLTIMA TRANSACCIÓN
Fecha y hora de la última transacción 20170425123648.0
008 - CAMPO FIJO DE DESCRIPCIÓN FIJA--INFORMACIÓN GENERAL
Códigos de información de longitud fija   170425s20162017sp ||||| t||||||| ||spa d
040 ## - FUENTE DE CATALOGACIÓN
Centro catalogador de origen ES-MaCES
Lengua de catalogación spa
Centro transcriptor ES-MaCES
Centro modificado ES-MaCES
100 1# - ENCABEZAMIENTO PRINCIPAL--NOMBRE PERSONAL
9 (RLIN) 38101
Nombre de persona Jaidi, Larabi
245 13 - MENCIÓN DE TÍTULO
Título El Magreb frente a los retos de la Agenda 2030
Mención de responsabilidad, etc. Larabi Jaidi
650 #4 - ASIENTO SECUNDARIO DE MATERIA--TÉRMINO DE MATERIA
9 (RLIN) 29234
Término de materia o nombre geográfico como elemento inicial desarrollo económico y social
650 #4 - ASIENTO SECUNDARIO DE MATERIA--TÉRMINO DE MATERIA
9 (RLIN) 30785
Término de materia o nombre geográfico como elemento inicial desarrollo sostenible
650 #4 - ASIENTO SECUNDARIO DE MATERIA--TÉRMINO DE MATERIA
9 (RLIN) 30648
Término de materia o nombre geográfico como elemento inicial lucha contra la pobreza
650 #4 - ASIENTO SECUNDARIO DE MATERIA--TÉRMINO DE MATERIA
9 (RLIN) 27077
Término de materia o nombre geográfico como elemento inicial modelo de crecimiento
650 #4 - ASIENTO SECUNDARIO DE MATERIA--TÉRMINO DE MATERIA
9 (RLIN) 30406
Término de materia o nombre geográfico como elemento inicial plan de acción
650 #4 - ASIENTO SECUNDARIO DE MATERIA--TÉRMINO DE MATERIA
9 (RLIN) 29235
Término de materia o nombre geográfico como elemento inicial planificación del desarrollo
650 #4 - ASIENTO SECUNDARIO DE MATERIA--TÉRMINO DE MATERIA
9 (RLIN) 30399
Término de materia o nombre geográfico como elemento inicial Magreb
653 10 - TÉRMINO DE INDEXACIÓN--NO CONTROLADO
Término no controlado Desarrollo regional
773 0# - ENTRADA DE DOCUMENTO FUENTE
Itemnumber del ítem fuente 85680
Lugar, editor y fecha de publicación Madrid Estudios de Política Exterior Girona IEMed, Instituto Europeo del Mediterráneo 2003-
Otro identificador del documento 088578
Título Afkar
Número de control del registro relacionado (ES-MaCES)25975
Parte(s) relacionada(s) n. 52 (invierno 2016/2017) {55/1021 R. 088578} ;p. 52-55
902 ## - CES. TIPO DE DOCUMENTO
Tipodoc (006$c Sirtex) ART Artículo de revista
942 ## - ELEMENTOS KOHA
Fuente de clasificaión o esquema Clasificación propia del CES
Koha [por defecto] tipo de item Artículos (1982-2017)
Parte de clasificación Desarrollo Regional

No hay ítems disponibles.

© CES, Consejo Económico y Social de España 2021